[Event "2. Torneio Aberto do Brasil - Fortaleza"]
[Site "Fortaleza BRA"]
[Date "2012.04.07"]
[Round "5.4"]
[White "Asfora, Marco Antonio Hazin"]
[Black "Cubas, Jose Fernando"]
[Result "0-1"]
[WhiteElo "2221"]
[BlackElo "2518"]
[PlyCount "78"]
[EventDate "2012.04.05"]
[EventType "swiss"]
[EventRounds "7"]
[EventCountry "BRA"]
[Source "lmi"]
[SourceDate "2012.08.05"]

1. d4 Nf6 2. Nf3 e6 3. c4 c5 4. Nc3 cxd4 5. Nxd4 a6 6. e3 Qc7 7. Be2 b6 8. O-O
Bb7 9. Bd2 d6 10. Rc1 Nbd7 11. Bf3 Rc8 12. b3 Ne5 13. Bxb7 Qxb7 14. Qe2 Be7 15.
e4 O-O 16. f3 Rfe8 17. Kh1 Bf8 18. Bg5 Nfd7 19. Rfd1 Rc7 20. f4 Ng6 21. f5 Nge5
22. fxe6 fxe6 23. Bf4 Ng6 24. Bg3 Nde5 25. h4 Qc8 26. h5 Nh8 27. Qd2 Nhf7 28.
Na4 Qb7 29. Nc3 Nh6 30. Rf1 Neg4 31. Qe2 Rc5 32. Qf3 Qf7 33. Qxf7+ Nxf7 34. Na4
Rcc8 35. Kg1 Nf6 36. Nxb6 Nxe4 37. Be1 g6 38. b4 Bh6 39. g4 Bxc1 0-1

[Event "2. Torneio Aberto do Brasil - Fortaleza"]
[Site "Fortaleza BRA"]
[Date "2012.04.07"]
[Round "5.6"]
[White "Mekhitarian, Krikor Sevag"]
[Black "Lu, Jose Silvio Bezerra"]
[Result "1-0"]
[WhiteElo "2512"]
[BlackElo "2145"]
[PlyCount "109"]
[EventDate "2012.04.05"]
[EventType "swiss"]
[EventRounds "7"]
[EventCountry "BRA"]
[Source "lmi"]
[SourceDate "2012.08.05"]

1. d4 Nf6 2. c4 c5 3. d5 b5 4. cxb5 a6 5. e3 Bb7 6. Nc3 e6 7. dxe6 fxe6 8. bxa6
Nxa6 9. Nf3 d5 10. Bb5+ Ke7 11. O-O Nc7 12. Be2 Ke8 13. b3 Bd6 14. Bb2 Rf8 15.
Qc2 Qe7 16. Nb5 Nxb5 17. Bxb5+ Kf7 18. Ne5+ Kg8 19. Bd3 Rac8 20. Qe2 Rc7 21. f4
g6 22. Rac1 Rfc8 23. Qe1 c4 24. bxc4 Ba3 25. Bxa3 Qxa3 26. Qc3 Qxa2 27. Rf2 Qa7
28. Qd4 Qxd4 29. exd4 dxc4 30. Rxc4 Bd5 31. Rxc7 Rxc7 32. Rc2 Ra7 33. Kf2 Ne4+
34. Bxe4 Bxe4 35. Rd2 Bd5 36. Ng4 Kg7 37. Rc2 Ra2 38. Rxa2 Bxa2 39. Ne5 Kf6 40.
g4 g5 41. fxg5+ Kxg5 42. Kg3 Bb1 43. h4+ Kf6 44. Kf4 h6 45. Nd7+ Ke7 46. Ne5
Kf6 47. Nf3 Ba2 48. Nd2 Bd5 49. Ne4+ Kg6 50. Ke5 Kf7 51. Nd2 Kg6 52. Nf1 Kf7
53. Ng3 Bf3 54. Kf4 Bd5 55. Nf1 1-0

[Event "2. Torneio Aberto do Brasil - Fortaleza"]
[Site "Fortaleza BRA"]
[Date "2012.04.07"]
[Round "5.7"]
[White "Mendonca, Mateus Nakajo"]
[Black "Limp, Eduardo Thelio"]
[Result "0-1"]
[WhiteElo "2216"]
[BlackElo "2382"]
[PlyCount "50"]
[EventDate "2012.04.05"]
[EventType "swiss"]
[EventRounds "7"]
[EventCountry "BRA"]
[Source "lmi"]
[SourceDate "2012.08.05"]

1. Nf3 d5 2. d4 Nf6 3. g3 c6 4. Bg2 Bf5 5. O-O Nbd7 6. c4 e6 7. cxd5 exd5 8.
Nc3 h6 9. Ne1 Be7 10. f3 O-O 11. e4 dxe4 12. fxe4 Bg4 13. Qc2 Nb6 14. Be3 Qd7
15. Nd3 Bh3 16. Ne5 Qe6 17. Bxh3 Qxh3 18. Rf5 Bd6 19. Raf1 Bxe5 20. dxe5 Ng4
21. Bc5 Nc4 22. Nd1 Rfd8 23. Rxf7 Rd7 24. Rf8+ Rxf8 25. Qxc4+ Kh7 0-1

[Event "2. Torneio Aberto do Brasil - Fortaleza"]
[Site "Fortaleza BRA"]
[Date "2012.04.07"]
[Round "5.8"]
[White "Guimaraes, Marcelo Cunha"]
[Black "Santiago, Yago De Moura"]
[Result "1/2-1/2"]
[WhiteElo "2216"]
[BlackElo "2360"]
[PlyCount "60"]
[EventDate "2012.04.05"]
[EventType "swiss"]
[EventRounds "7"]
[EventCountry "BRA"]
[Source "lmi"]
[SourceDate "2012.08.05"]

1. e4 c5 2. Nf3 d6 3. d4 cxd4 4. Nxd4 Nf6 5. Nc3 a6 6. Be3 e5 7. Nb3 Be7 8. f3
Be6 9. Qd2 O-O 10. O-O-O a5 11. Bb5 Na6 12. Qe2 Nc7 13. Nc5 Qc8 14. Nxe6 fxe6
15. Na4 Nxb5 16. Qxb5 Ra6 17. Nb6 Qc7 18. Rd3 Bd8 19. Rb3 Qc6 20. Qxc6 bxc6 21.
Nc4 Bc7 22. Rb7 Rc8 23. Rxc7 Rxc7 24. Nxd6 c5 25. Nc4 Nd7 26. Rd1 h6 27. Bd2 a4
28. Bc3 Rb7 29. a3 Kh7 30. Rd3 h5 1/2-1/2

[Event "2. Torneio Aberto do Brasil - Fortaleza"]
[Site "Fortaleza BRA"]
[Date "2012.04.07"]
[Round "5.9"]
[White "Martins, Vinicius Tine"]
[Black "Pinto, Carlos Henrique Lop"]
[Result "0-1"]
[WhiteElo "2329"]
[BlackElo "2124"]
[PlyCount "92"]
[EventDate "2012.04.05"]
[EventType "swiss"]
[EventRounds "7"]
[EventCountry "BRA"]
[Source "lmi"]
[SourceDate "2012.08.05"]

1. e4 e6 2. d4 d5 3. Nd2 Nc6 4. Ngf3 Nf6 5. e5 Nd7 6. c3 f6 7. exf6 Qxf6 8. Bb5
Bd6 9. O-O O-O 10. Qa4 Nb6 11. Qc2 Nd7 12. Qa4 Nb6 13. Qb3 a6 14. Bxc6 bxc6 15.
c4 c5 16. dxc5 Bxc5 17. cxd5 exd5 18. Ne4 Qe7 19. Nxc5 Qxc5 20. Be3 Qd6 21.
Bxb6 cxb6 22. Rad1 Be6 23. Ng5 Rad8 24. Qg3 Qxg3 25. hxg3 Bf5 26. Rd4 h6 27.
Nf3 Rfe8 28. Rfd1 Be6 29. Rb4 b5 30. Nd4 Bf7 31. Rb3 Rc8 32. Ra3 Bh5 33. f3 Ra8
34. Rc1 b4 35. Ra5 Bg6 36. Kf2 Red8 37. Rc6 Bd3 38. Ke3 Bf1 39. Rac5 Rd7 40. g4
Re8+ 41. Kf2 Bd3 42. Rc1 Bb5 43. Rb6 Rde7 44. Rd1 Re3 45. Rd2 b3 46. axb3 R8e7
0-1

[Event "2. Torneio Aberto do Brasil - Fortaleza"]
[Site "Fortaleza BRA"]
[Date "2012.04.07"]
[Round "5.10"]
[White "Barreto filho, Carlos Alberto"]
[Black "Oliveira, Fernando Ventura"]
[Result "1-0"]
[WhiteElo "2324"]
[BlackElo "2113"]
[PlyCount "123"]
[EventDate "2012.04.05"]
[EventType "swiss"]
[EventRounds "7"]
[EventCountry "BRA"]
[Source "lmi"]
[SourceDate "2012.08.05"]

1. c4 e6 2. Nf3 d5 3. d4 c6 4. Nbd2 f5 5. g3 Nf6 6. Bg2 Bd6 7. O-O O-O 8. b3
Bd7 9. Bb2 Be8 10. Ne5 Nbd7 11. Ndf3 Ne4 12. Nxd7 Qxd7 13. Ne5 Qe7 14. Qc2 Bxe5
15. dxe5 Bg6 16. Qc1 b5 17. Qe3 Rfd8 18. cxb5 cxb5 19. Bd4 h6 20. Rfc1 a6 21.
f3 Ng5 22. Rc5 Rdc8 23. Rac1 Qb7 24. Qc3 Rxc5 25. Qxc5 Rd8 26. Qc6 Qxc6 27.
Rxc6 Be8 28. Rxa6 Kf7 29. Ra7+ Rd7 30. Rxd7+ Bxd7 31. Kf2 Ke7 32. Bc5+ Ke8 33.
Bb6 Bc8 34. Ke3 Kd7 35. Kd4 Kc6 36. Bc5 Nf7 37. Bf8 g6 38. Be7 Kb6 39. e3 Bd7
40. Bf1 Bc6 41. Bd3 Be8 42. Bc2 Bd7 43. b4 Be8 44. Bf6 Bc6 45. Bb3 Bd7 46. a3
Bc6 47. e4 dxe4 48. fxe4 Bd7 49. exf5 gxf5 50. Ke3 Kc7 51. Kf4 Nd8 52. Bxd8+
Kxd8 53. g4 Ke7 54. gxf5 exf5 55. Bc2 Be6 56. Bxf5 Bc4 57. Ke4 Bf1 58. Kd4 Bg2
59. Bd3 Bc6 60. Kc5 Ba8 61. Bxb5 Ke6 62. Bc6 1-0

[Event "2. Torneio Aberto do Brasil - Fortaleza"]
[Site "Fortaleza BRA"]
[Date "2012.04.07"]
[Round "5.11"]
[White "De Andrade, Roberto Luis Costa"]
[Black "Pinheiro, Iung Alicio De O"]
[Result "1/2-1/2"]
[WhiteElo "2186"]
[BlackElo "2321"]
[PlyCount "58"]
[EventDate "2012.04.05"]
[EventType "swiss"]
[EventRounds "7"]
[EventCountry "BRA"]
[Source "lmi"]
[SourceDate "2012.08.05"]

1. e4 c5 2. Nf3 g6 3. d4 cxd4 4. Nxd4 Nc6 5. Nc3 Bg7 6. Be3 Nf6 7. Bc4 O-O 8.
Bb3 a5 9. f3 d5 10. exd5 Nb4 11. Nde2 a4 12. Nxa4 Nfxd5 13. Bf2 b5 14. Nac3
Nxc3 15. Qxd8 Rxd8 16. bxc3 Bf5 17. Nd4 Nxc2+ 18. Bxc2 Bxc2 19. O-O Bd3 20.
Rfd1 Bc4 21. a3 Rd6 22. Re1 e6 23. Bg3 Rda6 24. Reb1 Bxd4+ 25. cxd4 Rxa3 26.
Rxa3 Rxa3 27. Be5 g5 28. d5 exd5 29. Ra1 Ra4 1/2-1/2

[Event "2. Torneio Aberto do Brasil - Fortaleza"]
[Site "Fortaleza BRA"]
[Date "2012.04.07"]
[Round "5.12"]
[White "Santiago, Bruno M F"]
[Black "Pereira, Silvio Cunha"]
[Result "0-1"]
[WhiteElo "2167"]
[BlackElo "2298"]
[PlyCount "60"]
[EventDate "2012.04.05"]
[EventType "swiss"]
[EventRounds "7"]
[EventCountry "BRA"]
[Source "lmi"]
[SourceDate "2012.08.05"]

1. Nf3 f5 2. c4 Nf6 3. g3 g6 4. Bg2 Bg7 5. O-O O-O 6. Nc3 d6 7. d4 c6 8. Qb3
Kh8 9. Bd2 e5 10. dxe5 dxe5 11. Rad1 Qc7 12. Qc2 Na6 13. b3 Be6 14. Qc1 Nc5 15.
Nxe5 Qxe5 16. Bf4 Nxb3 17. Bxe5 Nxc1 18. Rxc1 Bxc4 19. a4 Rfe8 20. f4 Ng4 21.
Bxg7+ Kxg7 22. Rfd1 Re7 23. Bf3 Ne3 24. Rd4 Kf7 25. Rb1 Rc8 26. Rb2 Rcc7 27.
Rbd2 b5 28. Rb2 a5 29. axb5 cxb5 30. Nxb5 Bxb5 0-1

[Event "2. Torneio Aberto do Brasil - Fortaleza"]
[Site "Fortaleza BRA"]
[Date "2012.04.07"]
[Round "5.13"]
[White "Fernandes Filho, Bergson Fragos"]
[Black "De Araujo, Felipe Fernandes Vi"]
[Result "1-0"]
[WhiteElo "2147"]
[BlackElo "2269"]
[PlyCount "78"]
[EventDate "2012.04.05"]
[EventType "swiss"]
[EventRounds "7"]
[EventCountry "BRA"]
[Source "lmi"]
[SourceDate "2012.08.05"]

1. d4 d5 2. c4 e6 3. a3 dxc4 4. Qa4+ Nd7 5. e4 Ngf6 6. Nc3 c5 7. Be3 Qb6 8.
Qxc4 a6 9. Na4 Qa5+ 10. Bd2 Qc7 11. Nxc5 Nxc5 12. dxc5 Qxc5 13. Qxc5 Bxc5 14.
f3 Bd4 15. O-O-O Bd7 16. Ne2 Rc8+ 17. Bc3 Be3+ 18. Kb1 Ba4 19. Rd3 Bb6 20. Nd4
O-O 21. Be2 Nd7 22. Rd2 Nc5 23. Bd1 Rfd8 24. Bb4 Be8 25. Bc2 a5 26. Bc3 Na4 27.
Bxa4 Bxa4 28. Rc1 e5 29. Nf5 Rxd2 30. Ne7+ Kf8 31. Nxc8 Be3 32. Bxd2 Bxd2 33.
Rc7 b5 34. Nd6 f6 35. Rf7+ Kg8 36. Rb7 h5 37. Nxb5 Bd1 38. Rd7 Be2 39. Rxd2
Bxb5 1-0

[Event "2. Torneio Aberto do Brasil - Fortaleza"]
[Site "Fortaleza BRA"]
[Date "2012.04.07"]
[Round "5.14"]
[White "Mascarenhas, Alberto Pinheiro"]
[Black "Cardoso, Almir Correia"]
[Result "0-1"]
[WhiteElo "2268"]
[BlackElo "2045"]
[PlyCount "102"]
[EventDate "2012.04.05"]
[EventType "swiss"]
[EventRounds "7"]
[EventCountry "BRA"]
[Source "lmi"]
[SourceDate "2012.08.05"]

1. c4 Nf6 2. Nc3 g6 3. e4 d6 4. d4 Bg7 5. Be2 O-O 6. Bg5 c6 7. f4 a6 8. a4 Re8
9. Nf3 h6 10. Bh4 Nbd7 11. e5 dxe5 12. Nxe5 Qa5 13. O-O Nf8 14. Qb3 Qc7 15. d5
N8d7 16. Bg3 Nc5 17. Qa3 Nfe4 18. Nxe4 Nxe4 19. Qe3 Nxg3 20. hxg3 e6 21. dxc6
bxc6 22. Bf3 Bb7 23. a5 Red8 24. c5 Rab8 25. b4 Ba8 26. Rab1 Bb7 27. Kh2 Ba8
28. Rfe1 Bb7 29. Be2 Bc8 30. Bc4 Kh7 31. Re2 f6 32. Nf3 e5 33. fxe5 fxe5 34.
Rd2 Bf5 35. Rb3 Ra8 36. Rxd8 Qxd8 37. Qe2 e4 38. Nh4 Be5 39. Nxf5 gxf5 40. Qh5
Qf6 41. Kh1 Ra7 42. Qe8 Rg7 43. Qe6 Qxe6 44. Bxe6 Kg6 45. Bc4 Rd7 46. Bxa6 Rd1+
47. Kh2 h5 48. Bb7 h4 49. a6 Ra1 50. Bxc6 Kg5 51. a7 hxg3+ 0-1

[Event "2. Torneio Aberto do Brasil - Fortaleza"]
[Site "Fortaleza BRA"]
[Date "2012.04.07"]
[Round "5.15"]
[White "Luz, Edmundo Reis"]
[Black "Brito, Luismar"]
[Result "0-1"]
[WhiteElo "2134"]
[BlackElo "2247"]
[PlyCount "116"]
[EventDate "2012.04.05"]
[EventType "swiss"]
[EventRounds "7"]
[EventCountry "BRA"]
[Source "lmi"]
[SourceDate "2012.08.05"]

1. e4 c5 2. Nc3 Nc6 3. g3 g6 4. Bg2 Bg7 5. Nge2 d6 6. d3 Nf6 7. O-O O-O 8. h3
Nd7 9. f4 Rb8 10. g4 Nd4 11. Ng3 b5 12. Nce2 b4 13. c3 bxc3 14. bxc3 Nxe2+ 15.
Nxe2 Qa5 16. Qc2 Nb6 17. Rb1 Bd7 18. Be3 Ba4 19. Qd2 Bc6 20. f5 Na4 21. d4 Bb5
22. dxc5 dxc5 23. Rbc1 Rfd8 24. Qe1 Bxe2 25. Qxe2 Nxc3 26. Qf2 gxf5 27. Bxc5 f4
28. Kh1 e5 29. a3 Nb5 30. Rfd1 Rxd1+ 31. Rxd1 Rd8 32. Rd5 Rc8 33. Bb4 Qa4 34.
Qh4 Re8 35. Rd8 Nd4 36. Bf1 h6 37. Rxe8+ Qxe8 38. Bc4 Qc8 39. Bd5 Qc1+ 40. Qe1
Qe3 41. Qxe3 fxe3 42. Kg2 Bf8 43. Kf1 Bxb4 44. axb4 Kf8 45. h4 f6 46. Bc4 Ke7
47. Bd3 Kd6 48. Kg2 Kc7 49. Kf1 Kb6 50. Kg2 a5 51. bxa5+ Kxa5 52. Kf1 Kb4 53.
Ke1 Kc3 54. Ba6 Ne6 55. Ke2 Kd4 56. Kf3 Nf4 57. Bb7 e2 58. Kf2 Kd3 0-1

[Event "2. Torneio Aberto do Brasil - Fortaleza"]
[Site "Fortaleza BRA"]
[Date "2012.04.07"]
[Round "5.16"]
[White "Okamura, Milton Kasuo"]
[Black "Umetsubo, Cesar Hidemitsu"]
[Result "0-1"]
[WhiteElo "2118"]
[BlackElo "2235"]
[PlyCount "88"]
[EventDate "2012.04.05"]
[EventType "swiss"]
[EventRounds "7"]
[EventCountry "BRA"]
[Source "lmi"]
[SourceDate "2012.08.05"]

1. d4 Nf6 2. c4 g6 3. Nc3 Bg7 4. e4 d6 5. Nf3 O-O 6. Be2 e5 7. O-O Nc6 8. d5
Ne7 9. Nd2 Ne8 10. b4 f5 11. c5 Nf6 12. f3 f4 13. Nc4 g5 14. Ba3 Ne8 15. b5 Rf6
16. Bb4 h5 17. b6 axb6 18. cxb6 cxb6 19. Nb5 Rg6 20. h3 Bd7 21. a4 Nc8 22. Ra3
Bf8 23. Nd2 Nf6 24. Rc3 g4 25. fxg4 hxg4 26. hxg4 Nxg4 27. Bxg4 Bxg4 28. Nf3
Na7 29. Na3 Be7 30. Qc2 Bh4 31. Nc4 Bxf3 32. Rfxf3 Bg3 33. Nd2 b5 34. Nf1 Qb6+
35. Bc5 dxc5 36. Nxg3 c4+ 37. Qf2 Qxf2+ 38. Kxf2 fxg3+ 39. Rxg3 Rxg3 40. Rxg3+
Kf7 41. axb5 Nxb5 42. Rg5 c3 43. Ke3 c2 44. Rf5+ Ke7 0-1

[Event "2. Torneio Aberto do Brasil - Fortaleza"]
[Site "Fortaleza BRA"]
[Date "2012.04.07"]
[Round "5.17"]
[White "Dos Santos, Haroldo Cunha"]
[Black "De Albuquerque Junior, Wellington Sampaio"]
[Result "1-0"]
[WhiteElo "2233"]
[BlackElo "2098"]
[PlyCount "229"]
[EventDate "2012.04.05"]
[EventType "swiss"]
[EventRounds "7"]
[EventCountry "BRA"]
[Source "lmi"]
[SourceDate "2012.08.05"]

1. d4 c5 2. c3 Nf6 3. Nf3 e6 4. Bf4 b6 5. e3 Be7 6. h3 O-O 7. Bd3 Ba6 8. Bxa6
Nxa6 9. a4 d6 10. Na3 Qd7 11. O-O Nc7 12. Bh2 Rfd8 13. Qb3 Qc6 14. Rfd1 a6 15.
dxc5 bxc5 16. Nc4 Ncd5 17. Qc2 Nc7 18. Nfd2 d5 19. Ne5 Qb7 20. Ra3 c4 21. Ra2
Nce8 22. b4 cxb3 23. Qxb3 Qxb3 24. Nxb3 Rdc8 25. Rc2 Nd6 26. Na5 Rc5 27. Rb1
Rac8 28. Nb7 Rxc3 29. Rxc3 Rxc3 30. g4 h6 31. Rb6 Nxb7 32. Rxb7 Bd6 33. Nxf7
Bxh2+ 34. Kxh2 Rc4 35. Nd8 e5 36. Ne6 g5 37. Rg7+ Kh8 38. Rg6 Ng8 39. Nd8 Rxa4
40. Nf7+ Kh7 41. Rd6 e4 42. Ne5 Kg7 43. Rxd5 Nf6 44. Rd6 a5 45. Nc6 Ra2 46. Kg3
Ra1 47. Nd4 Kg6 48. Nb3 Ra3 49. Nc5 Kf7 50. Rd4 Ra1 51. Nxe4 Nxe4+ 52. Rxe4 a4
53. Rb4 a3 54. Kg2 a2 55. Ra4 Kf6 56. Ra5 Ke6 57. Kf3 Kf6 58. Ke4 Rh1 59. Rxa2
Rxh3 60. Ra6+ Kg7 61. Ra5 Kg6 62. f3 Rg3 63. Rf5 Rg1 64. Ke5 Ra1 65. e4 Ra5+
66. Kd4 Ra4+ 67. Ke3 Ra3+ 68. Kf2 Ra2+ 69. Kg3 Re2 70. Rd5 Kg7 71. Rd6 Kh7 72.
Rd1 Kg7 73. Rf1 Kf6 74. Rf2 Re1 75. Rd2 Kf7 76. Kf2 Ra1 77. Rd6 Kg7 78. Ke3
Ra3+ 79. Rd3 Ra1 80. e5 Kf7 81. Ke4 Ra4+ 82. Rd4 Ra3 83. Rd7+ Kg6 84. Rd6+ Kg7
85. Rf6 Rb3 86. Kd5 Rb5+ 87. Ke6 Rb6+ 88. Kf5 Rb3 89. Ke4 Rb4+ 90. Kd5 Rb5+ 91.
Kd4 Rb4+ 92. Kc5 Rb3 93. Rf5 Ra3 94. e6 Ra5+ 95. Kd6 Ra6+ 96. Kd5 Ra5+ 97. Ke4
Ra4+ 98. Kd3 Ra3+ 99. Kc4 Ra4+ 100. Kb5 Ra7 101. Kc5 Ra6 102. Rf7+ Kg6 103. Kd5
Ra5+ 104. Ke4 Ra4+ 105. Kd3 Ra3+ 106. Kc4 Ra4+ 107. Kb5 Ra3 108. Rc7 Rxf3 109.
Kc6 Rf4 110. Kd6 Rxg4 111. e7 Re4 112. Rc8 g4 113. e8=Q+ Rxe8 114. Rxe8 Kf5
115. Kd5 1-0

[Event "2. Torneio Aberto do Brasil - Fortaleza"]
[Site "Fortaleza BRA"]
[Date "2012.04.07"]
[Round "5.18"]
[White "Rodi, Luis Ernesto"]
[Black "Carvalho, Miguel Angelo Alvar"]
[Result "0-1"]
[WhiteElo "2391"]
[BlackElo "2065"]
[PlyCount "186"]
[EventDate "2012.04.05"]
[EventType "swiss"]
[EventRounds "7"]
[EventCountry "BRA"]
[Source "lmi"]
[SourceDate "2012.08.05"]

1. e4 c5 2. Nc3 d6 3. Nf3 Nf6 4. d4 cxd4 5. Nxd4 a6 6. Be3 e5 7. Nf3 Be7 8. Bc4
O-O 9. O-O Be6 10. Bxe6 fxe6 11. Na4 Ng4 12. Qe2 Nxe3 13. Qxe3 b5 14. Nb6 Ra7
15. Nd5 Rb7 16. Qd3 Rf7 17. Nxe7+ Qxe7 18. Rfd1 Rb6 19. Rd2 Nd7 20. b4 Rf8 21.
a4 bxa4 22. Rxa4 a5 23. bxa5 Nc5 24. axb6 Nxd3 25. Rxd3 Qd7 26. Rb4 Qc6 27. h3
Qxc2 28. Rdb3 Rb8 29. b7 h6 30. g3 Qc7 31. Rb6 Kf7 32. Kg2 Ke7 33. R3b4 Qc3 34.
Rb3 Qc1 35. h4 Qc2 36. R6b4 g6 37. Ne1 Qc6 38. Nd3 g5 39. hxg5 hxg5 40. Nb2 Kd7
41. Na4 Qa6 42. Nb6+ Ke7 43. Nc4 Qc6 44. Ne3 Kd7 45. Ng4 Ke7 46. Nh2 Qc1 47.
Nf1 Qc2 48. Ne3 Qc6 49. Rb1 Kf6 50. R1b3 Ke7 51. Ng4 Kf7 52. Nh2 Ke7 53. Nf1
Qc2 54. Ne3 Qc6 55. Nd1 Kd7 56. Nc3 Ke7 57. Na4 Qd7 58. g4 Qc6 59. Nc3 Kd7 60.
Ne2 Qc5 61. Ng1 Ke7 62. Nf3 Qc1 63. Re3 Qc6 64. Nxg5 Rxb7 65. Rxb7+ Qxb7 66.
Nf3 Kf6 67. Kg3 Qb1 68. Re1 Qc2 69. Re3 Qb1 70. Kg2 Qc2 71. Re1 Qd3 72. Re3 Qc2
73. Kg3 Qb1 74. g5+ Kg6 75. Kg4 Qd1 76. Re1 Qc2 77. Nh4+ Kg7 78. f3 Qb2 79. Rd1
Qb6 80. Rc1 Qb7 81. g6 Qd7 82. Kh5 d5 83. exd5 exd5 84. Ra1 d4 85. Ra6 d3 86.
Rd6 Qxd6 87. Nf5+ Kg8 88. Nxd6 d2 89. Nf5 d1=Q 90. Kg5 Qd8+ 91. Kg4 Qf6 92. Nh4
Qf4+ 93. Kh3 Kg7 0-1

[Event "2. Torneio Aberto do Brasil - Fortaleza"]
[Site "Fortaleza BRA"]
[Date "2012.04.07"]
[Round "5.19"]
[White "Cavalcanti, Francisco De Assis"]
[Black "Macedo, Maximo Valerio"]
[Result "1/2-1/2"]
[WhiteElo "2292"]
[BlackElo "2070"]
[PlyCount "53"]
[EventDate "2012.04.05"]
[EventType "swiss"]
[EventRounds "7"]
[EventCountry "BRA"]
[Source "lmi"]
[SourceDate "2012.08.05"]

1. Nf3 Nf6 2. d4 d5 3. c4 c6 4. Nc3 e6 5. Bg5 Nbd7 6. e3 Qa5 7. Nd2 Bb4 8. Qc2
O-O 9. Be2 dxc4 10. Bxf6 Nxf6 11. Nxc4 Qg5 12. O-O c5 13. Rfd1 cxd4 14. Rxd4 b5
15. h4 Qc5 16. Ne4 Qc7 17. Nxf6+ gxf6 18. Na3 Qxc2 19. Nxc2 Bc5 20. Rg4+ Kh8
21. b4 f5 22. Rg3 Bd6 23. f4 Rb8 24. a4 a6 25. axb5 axb5 26. Ra7 Bb7 27. Nd4
1/2-1/2

[Event "2. Torneio Aberto do Brasil - Fortaleza"]
[Site "Fortaleza BRA"]
[Date "2012.04.07"]
[Round "5.20"]
[White "Braga, Jose Pereira"]
[Black "Bouwman, Marcelo Wanderley"]
[Result "0-1"]
[WhiteElo "2014"]
[BlackElo "2222"]
[PlyCount "84"]
[EventDate "2012.04.05"]
[EventType "swiss"]
[EventRounds "7"]
[EventCountry "BRA"]
[Source "lmi"]
[SourceDate "2012.08.05"]

1. d4 Nf6 2. c4 c5 3. Nf3 g6 4. Nc3 cxd4 5. Nxd4 Nc6 6. e4 Nxd4 7. Qxd4 d6 8.
Be2 Bg7 9. O-O O-O 10. Qd3 Be6 11. Be3 Nd7 12. f4 Qa5 13. Bd4 Rfc8 14. Nd5 Bxd5
15. cxd5 Nc5 16. Qe3 Qb4 17. e5 f5 18. a3 Qa4 19. b4 Ne4 20. Rfc1 a5 21. Rxc8+
Rxc8 22. Rc1 Qd7 23. Bd3 axb4 24. axb4 dxe5 25. fxe5 h5 26. Rxc8+ Qxc8 27. Bxe4
fxe4 28. Qc3 Qg4 29. h3 Qd1+ 30. Kh2 Kh7 31. Qe3 Qd3 32. Qf2 Qc4 33. d6 exd6
34. e6 Qxe6 35. Be3 d5 36. g3 Qf6 37. Qe2 Qb2 38. Qxb2 Bxb2 39. g4 d4 40. Bf4
Bc3 41. b5 d3 42. Kg2 d2 0-1

[Event "2. Torneio Aberto do Brasil - Fortaleza"]
[Site "Fortaleza BRA"]
[Date "2012.04.07"]
[Round "5.21"]
[White "Costa, Carlos Evanir"]
[Black "Lima, Jose Sampaio De"]
[Result "1-0"]
[WhiteElo "2217"]
[BlackElo "2045"]
[PlyCount "111"]
[EventDate "2012.04.05"]
[EventType "swiss"]
[EventRounds "7"]
[EventCountry "BRA"]
[Source "lmi"]
[SourceDate "2012.08.05"]

1. e4 c5 2. Nf3 d6 3. d4 cxd4 4. Nxd4 Nf6 5. Nc3 a6 6. Be3 e5 7. Nb3 Be6 8. Qd2
Be7 9. f3 b5 10. O-O-O Nbd7 11. g4 Nb6 12. Bxb6 Qxb6 13. Nd5 Bxd5 14. exd5 h6
15. h4 a5 16. Kb1 Nd7 17. Bd3 a4 18. Nc1 b4 19. g5 a3 20. b3 Qd4 21. c3 bxc3
22. Qc2 Qb4 23. g6 O-O 24. Bf5 Nc5 25. Nd3 Nxd3 26. Rxd3 fxg6 27. Be6+ Kh8 28.
Rxc3 e4 29. Rc4 Qb6 30. Rc6 Qd4 31. Rc4 Qb6 32. Rc6 Qa5 33. Qxe4 Qd2 34. Rc2
Qf4 35. Qxg6 Rf6 36. Qg4 Qxf3 37. Qxf3 Rxf3 38. h5 Bg5 39. Re1 Bf4 40. Rd1 Be5
41. Rdc1 g5 42. hxg6 Kg7 43. Rg2 Rg3 44. Rxg3 Bxg3 45. Rg1 Be5 46. Kc2 Rb8 47.
Rg2 h5 48. Kd3 Rb4 49. Ke3 Rh4 50. Bf5 Rf4 51. Be4 Rf1 52. Rc2 Kh6 53. Rc7 Bg7
54. Rf7 Ra1 55. Rf2 Bd4+ 56. Kxd4 1-0

[Event "2. Torneio Aberto do Brasil - Fortaleza"]
[Site "Fortaleza BRA"]
[Date "2012.04.07"]
[Round "5.22"]
[White "Dos Santos, Tiago Augusto"]
[Black "Carvalho, Jose Jorge De"]
[Result "0-1"]
[WhiteElo "2023"]
[BlackElo "2190"]
[PlyCount "90"]
[EventDate "2012.04.05"]
[EventType "swiss"]
[EventRounds "7"]
[EventCountry "BRA"]
[Source "lmi"]
[SourceDate "2012.08.05"]

1. e4 c5 2. Nf3 e6 3. d4 cxd4 4. Nxd4 a6 5. c4 Qc7 6. Nc3 Nc6 7. Be3 Nf6 8. Be2
Bb4 9. f3 d5 10. exd5 exd5 11. O-O dxc4 12. Bxc4 Bxc3 13. bxc3 O-O 14. Bb3 Na5
15. c4 Nd7 16. Rc1 Nc5 17. Bc2 Bd7 18. Bb1 Ba4 19. Qe1 Rfe8 20. Qh4 g6 21. Bf4
Qb6 22. Qf2 Rac8 23. Bd2 Nc6 24. Nb3 Ne5 25. Ba5 Qc6 26. Nd4 Qd7 27. Rc3 Ne6
28. Nxe6 Rxe6 29. c5 Nc6 30. Rd3 Qe8 31. Bc3 Bb5 32. Qh4 Bxd3 33. Bxd3 Ne5 34.
Be4 Rxc5 35. Bd4 Rc7 36. Qh6 Rd7 37. Ba1 Qf8 38. Qg5 f6 39. Qg3 Qc5+ 40. Kh1
Red6 41. f4 Rd1 42. Qb3+ Qc4 43. Qxc4+ Nxc4 44. Kg1 Rxf1+ 45. Kxf1 Nd2+ 0-1

[Event "2. Torneio Aberto do Brasil - Fortaleza"]
[Site "Fortaleza BRA"]
[Date "2012.04.07"]
[Round "5.23"]
[White "Borges, Wagner Da Silva"]
[Black "Bezerra, Flavio Rodrigo Cost"]
[Result "1-0"]
[WhiteElo "2185"]
[BlackElo "2033"]
[PlyCount "87"]
[EventDate "2012.04.05"]
[EventType "swiss"]
[EventRounds "7"]
[EventCountry "BRA"]
[Source "lmi"]
[SourceDate "2012.08.05"]

1. e4 c5 2. Nc3 g6 3. g3 Bg7 4. Bg2 Nc6 5. d3 d6 6. Be3 e6 7. Qd2 Nd4 8. Nge2
Ne7 9. Nd1 e5 10. Nxd4 cxd4 11. Bh6 O-O 12. h4 f5 13. exf5 Bxh6 14. Qxh6 Qa5+
15. c3 Nxf5 16. Qg5 dxc3 17. Nxc3 Nd4 18. Bd5+ Qxd5 19. Nxd5 Nf3+ 20. Kf1 Nxg5
21. hxg5 Rf7 22. Nf6+ Kh8 23. Ke2 Be6 24. Rh6 Rg7 25. Rah1 Bg8 26. f4 exf4 27.
gxf4 Rc8 28. Kd2 Rc5 29. Re1 Rc8 30. b3 Rgc7 31. Reh1 Rg7 32. Ke3 Rcc7 33. Kd4
Rc5 34. Re1 Rc8 35. Reh1 Rc5 36. Re1 Rc8 37. Re2 Rf8 38. Reh2 Rc8 39. R2h4 Rc5
40. Rh2 Rc8 41. f5 gxf5 42. g6 Rf8 43. Nxh7 Bxh7 44. Rxh7+ 1-0

[Event "2. Torneio Aberto do Brasil - Fortaleza"]
[Site "Fortaleza BRA"]
[Date "2012.04.07"]
[Round "5.24"]
[White "Mateus, Janete De Alcantara"]
[Black "Ribeiro, Matheus Cavalcante"]
[Result "0-1"]
[WhiteElo "1888"]
[BlackElo "2121"]
[PlyCount "68"]
[EventDate "2012.04.05"]
[EventType "swiss"]
[EventRounds "7"]
[EventCountry "BRA"]
[Source "lmi"]
[SourceDate "2012.08.05"]

1. d4 Nf6 2. c4 g6 3. Nc3 d5 4. e3 Bg7 5. cxd5 Nxd5 6. Bc4 Nxc3 7. bxc3 c5 8.
Qb3 O-O 9. Nf3 Nc6 10. Qd1 e5 11. O-O Bg4 12. Be2 exd4 13. exd4 cxd4 14. Nxd4
Nxd4 15. Bxg4 Nb5 16. Qb3 Nxc3 17. Ba3 Re8 18. Rac1 Qd4 19. Bf3 Ne2+ 20. Bxe2
Rxe2 21. Qxb7 Rae8 22. Qf3 Rxa2 23. Rce1 Rd8 24. Re7 Qf6 25. Qe3 Rxa3 26. Qxa3
Bf8 27. Rxf7 Qxf7 28. Qe3 Re8 29. Qd3 Bc5 30. Qd2 Qc4 31. Rc1 Qd4 32. Qc2 Qe4
33. Qd2 Bb4 34. Qa2+ Qe6 0-1